[Event "Morelia/Linares 25th"]
[Site "Morelia/Linares"]
[Date "2008.02.20"]
[Round "5"]
[White "Leko, Peter"]
[Black "Anand, Viswanathan"]
[Result "0-1"]
[WhiteElo "2753"]
[BlackElo "2799"]
[Annotator "Ftacnik,L"]
[PlyCount "90"]
[EventDate "2008.02.15"]
[EventType "tourn"]
[EventRounds "14"]
[EventCountry "ESP"]
[EventCategory "21"]
[SourceTitle "CBM 123"]
[Source "ChessBase"]
[SourceDate "2008.04.02"]
[SourceVersion "1"]
[SourceVersionDate "2008.04.02"]
[SourceQuality "1"]

1. e4 c5 2. Nf3 d6 3. d4 cxd4 4. Nxd4 Nf6 5. Nc3 a6 6. Be3 e5 7. Nb3 Be6 8. Qd2
Nbd7 9. f3 b5 10. O-O-O Be7 11. Nd5 Bxd5 12. exd5 Nb6 13. Bxb6 Qxb6 14. Na5 Rc8
15. Nc6 Nxd5 16. Nxe7 Nxe7 17. Qxd6 Qxd6 18. Rxd6 Nc6 19. c3 {The whole line
was tested before without much progress for White.} (19. Rd2 Ke7 20. a3 Nd4 21.
Kb1 Rhd8 22. Bd3 f5 23. Re1 Kf6 24. Red1 Ne6 25. c3 Nc5 26. Bc2 $11 {1-0
Quezada,Y (2502)-Colovic,A (2418)/Havana 2005 (56)}) 19... Ke7 20. Rd1 (20. Rd2
Rhd8 21. Rxd8 Rxd8 22. Be2 f5 23. a4 bxa4 24. Bxa6 Na5 25. Bb5 Nb3+ 26. Kb1 Nc5
$11 {1/2 Mecking,H (2570)-Evans,L (2545)/San Antonio 1972 (40)}) 20... f5 21.
Bd3 {Leko prefers to develop the pieces first as the queenpawn advance is not
promising any gains.} (21. a4 bxa4 22. Bxa6 Rc7 23. Bd3 (23. Bb5 a3 $1 $15)
23... g6 $11) 21... g6 22. Rhe1 Rhd8 23. Bf1 (23. a4 Rd5 24. Bf1 Rc5 $11) 23...
Rxd1+ 24. Rxd1 Na5 25. a4 Nc4 {Anand prefers the exciting position to the
safer, but slightly tedious defence after taking the a4-pawn.} (25... bxa4 $5
26. Bxa6 Rc5 27. Kc2 Nb3 $11) 26. axb5 axb5 27. Rd5 Kf6 28. Rxb5 (28. Be2 Ne3
29. Rd6+ Ke7 30. Rb6 Nxg2 31. Bxb5 Rc5 $13) 28... Ne3 29. Rb6+ (29. Be2 Nxg2
30. Rb7 h5 $15) 29... Kg5 30. Ba6 Rd8 31. b4 Kf4 $2 {[%mdl 4096] The endgame
position is not without dangers for Black since White is playing with a bishop
and a seriously assymetric pawn structure. Anand had to find some exact moves
to maintain the balance.} (31... Nxg2 $1 32. Rc6 (32. Re6 Ne1 (32... Kf4 $6 33.
b5 Ra8 34. Bb7 Rb8 35. Bc6 $1 (35. Re7 Ne1 36. Kd2 Nxf3+ 37. Bxf3 Kxf3 38. Rxe5
f4 39. Ke1 h6 40. c4 Kg2 $17) 35... Ne3 (35... Ne1 36. Re8 $16) 36. Kb2 Rd8 37.
Kb3 Rd1 38. Kb4 $16) 33. Rxe5 Nxf3 34. Re2 f4 $11) 32... Nf4 $1 (32... Ne1 $6
33. b5 Ra8 34. Rc8 $1 Ra7 35. c4 (35. Rc4 Nxf3 36. Rb4 Ne1 37. b6 Rxa6 38. b7
Nd3+ 39. Kb1 Nxb4 40. b8=Q Nd5 41. Qxe5 Nf4 $14) 35... Nxf3 36. c5 Nd4 37. b6
$1 Rxa6 38. b7 Ra1+ 39. Kb2 Ra5 40. b8=Q Rb5+ 41. Qxb5 Nxb5 42. Rd8 $16) 33. b5
(33. Kc2 e4 34. fxe4 fxe4 35. Rc5+ Rd5 36. Rxd5+ Nxd5 $11) 33... e4 34. fxe4
fxe4 35. Rc8 (35. b6 e3 36. b7 e2 $17) 35... Rd6 36. Rc6 (36. Re8 Nd3+ 37. Kc2
Kf4 $15) 36... Rd8 $11) 32. Rc6 Nxg2 33. b5 Ra8 34. Bb7 $2 {The analyses after
the game have shown, that Black's position was critical after the rook advance
to c8.} (34. Rc8 $1 Ra7 (34... Rxc8 35. Bxc8 Ne1 36. b6 Nd3+ 37. Kd2 Nc5 38. b7
Na6 39. c4 e4 (39... Kxf3 40. c5 e4 41. Ke1 $18) 40. c5 e3+ 41. Ke2 Ke5 42. c6
(42. Kxe3 f4+ 43. Kf2 Kd5 44. Kg2 g5 45. Kh3 h5 46. Kg2 Kxc5 47. h4 gxh4 48.
Kh3 Kd4 49. Bf5 $18) 42... Kd6 43. Kxe3 Kxc6 44. Kf4 Kc7 45. Kg5 $18) 35. Rc4+
$1 Ke3 (35... Kxf3 36. Ra4 Ne3 37. b6 Rd7 38. b7 Rd8 39. Bb5 Rb8 40. Ra8 Rxb7
41. Bc6+ $18) 36. Ra4 Ra8 37. b6 Rb8 38. b7 Ne1 39. Rc4 Nxf3 40. h3 $18) 34...
Rb8 35. Rc7 $6 (35. Ba6 $5 e4 36. fxe4 fxe4 37. b6 e3 38. Bf1 (38. b7 e2 39.
Bxe2 Rxb7 $11) 38... Kf3 39. Bxg2+ Kxg2 40. Kd1 Kf3 41. Rf6+ Ke4 42. Ke2 $14)
35... Ne1 36. Rxh7 {It seems that Leko has completely lost his way in the
sharp ending, but this capture might be stronger than the obvious move to e7.}
(36. Re7 Nxf3 37. Bxf3 Kxf3 38. Rxe5 f4 39. Kd2 Kg2 $17) 36... Nxf3 37. c4 e4
38. Kc2 $2 {Only this meek move seals the fate of Leko's game. The idea of the
pawn advance 38.c5!? with good chances for a draw was surprisingly well hidden.
} (38. Re7 Ne5 39. Bd5 e3 40. h3 (40. Kd1 Rh8 41. b6 Rxh2 42. b7 Rb2 $19) 40...
Nxc4 $1 (40... Rh8 41. b6 Rxh3 42. b7 Rh8 43. Kd1 $11) 41. Bxc4 Rc8 $19) (38.
c5 $5 Re8 (38... e3 39. Re7 Nd4 40. c6 Nxb5 41. c7 Nxc7 (41... Rxb7 42. c8=Q
Rxe7 43. Qc4+ Kg5 44. Kd1 $11) 42. Rxc7 $11) 39. b6 e3 40. Ba6 Nd4 41. Kb1 (41.
b7 Nb3+ 42. Kd1 Nxc5 $17) 41... Rb8 (41... e2 42. Bxe2 Rxe2 43. b7 Nc6 (43...
Re8 $2 44. Rh4+ Ke5 45. Rxd4 $1 Kxd4 46. c6 $18) 44. Rc7 Re4 45. Rxc6 Rb4+ 46.
Kc2 Rxb7 47. Rxg6 $14) 42. b7 Ke5 43. Re7+ Kd5 44. Rxe3 Kxc5 $11) 38... e3 39.
Kd3 g5 40. Ke2 (40. Re7 Ne5+ 41. Ke2 Rh8 $19) 40... Nd4+ 41. Ke1 (41. Kd3 e2
42. Re7 Rxb7 $19) 41... Rd8 {The coordinated assault of the black pieces will
put the white king under unbearable strain.} (41... g4 42. b6 Ne6 43. Rc7 Nd8
44. Bg2 Rxb6 $19) 42. Re7 (42. Bd5 Nxb5 43. Rb7 Nd4 $19) 42... Nc2+ 43. Kf1
Rd1+ 44. Ke2 Rd2+ 45. Kf1 Nd4 {A truly fascinating ending!} (45... Nd4 46. b6 (
46. h3 Rd1+ 47. Kg2 e2 $19) 46... Rf2+ 47. Ke1 Rb2 48. Kf1 Nf3 49. Bxf3 Kxf3
$19) 0-1

[Event "Morelia/Linares 25th"]
[Site "Morelia/Linares"]
[Date "2008.02.22"]
[Round "6"]
[White "Topalov, Veselin"]
[Black "Anand, Viswanathan"]
[Result "1/2-1/2"]
[WhiteElo "2780"]
[BlackElo "2799"]
[Annotator "Rogozenco,D"]
[PlyCount "83"]
[EventDate "2008.02.15"]
[EventType "tourn"]
[EventRounds "14"]
[EventCountry "ESP"]
[EventCategory "21"]
[SourceTitle "CBM 123"]
[Source "ChessBase"]
[SourceDate "2008.04.02"]
[SourceVersion "1"]
[SourceVersionDate "2008.04.02"]
[SourceQuality "1"]

1. d4 Nf6 2. c4 e6 3. Nc3 {In their previous encounters Topalov used more
frequently (and successfully) 3.Nf3.} Bb4 4. Nf3 c5 5. g3 b6 ({In the first
round of the same tournament Aronian played} 5... cxd4 6. Nxd4 Ne4 7. Qd3 Bxc3+
8. bxc3 Nc5 {but after} 9. Qf3 d6 10. Bg2 e5 11. Qe3 O-O 12. Nb3 Qc7 13. Nxc5
dxc5 14. O-O Nd7 15. f4 {failed to solve all the problems and lost, 1-0
Topalov,V-Aronian,L/Morelia 2008 (35).}) 6. Bg2 Bb7 7. O-O cxd4 8. Qxd4 Nc6 9.
Qd3 O-O 10. b3 d5 11. cxd5 Ne7 {A small trick. White can't keep the extra pawn
since 12.dxe6 loses the knight to c3 after 12...Qxd3.} 12. Bd2 Rc8 $146 (12...
Bxc3 13. Bxc3 Qxd5 14. Qc2 {1/2-1/2 Farago,I-Timman,J/Netherlands 1979 (47).
leaves White with advantage thanks to his bishop pair.}) (12... Bxd5 13. Nxd5
Nexd5 14. Rac1 Bxd2 15. Qxd2 Rc8 16. Rxc8 Qxc8 17. Rc1 Qb7 18. Qc2 $14 {
The control over the c-file secures White better prospects.}) 13. e4 {The most
aggressive continuation.} ({In the event of} 13. Rfd1 {Black can already take
on d5 with the bishop} Bxd5 {since} 14. Nxd5 Nexd5 15. Rac1 {brings White
nothing anymore:} Bxd2 16. Qxd2 Nc3 $1 {and Black makes full use of his rook
on c8.}) 13... Bxc3 14. Bxc3 Nxe4 {This small combination is the only way to
solve the problems.} (14... exd5 15. Bxf6 {is of course unacceptable for Black.
White has a clear advantage after} gxf6 16. Nd4 dxe4 17. Bxe4 Bxe4 18. Qxe4 $16
) 15. Bxg7 {A counter-sacrifice: before dying the bishop takes an important
pawn.} ({Bad for White is} 15. Qxe4 Rxc3 16. Ng5 Ng6 17. Qd4 Rc8 {and the pawn
on d5 is still pinned.}) 15... Kxg7 16. Qxe4 Bxd5 17. Qg4+ Ng6 {After the more
or less forced sequence of moves we reach a position where thanks to his
better pawn structure and a slightly vulnerable king on g7 Topalov has some
objective reasons to fight for the advantage. On the other hand all this
should not be overestimated: Black will place the queen on f6 and his pieces
will control most important files and diagonals. Therefore the position is
very close to equal.} 18. h4 ({The alternative} 18. Rfd1 Qf6 19. h4 Bxf3 20.
Bxf3 Rc3 21. Be2 $1 {looks preferable. If then} (21. Bg2 Rc2) 21... Kh8 {
White continues} 22. Rac1 Rfc8 23. Rxc3 Rxc3 24. h5 {with initiative}) 18...
Bxf3 {The easiest decision. Anand eliminates a potentially dangerous attacking
piece.} 19. Qxf3 (19. Bxf3 f5 20. Qa4 Ne5 21. Bg2 (21. Qxa7+ $2 Rf7) 21... Rf7
$11) 19... Qf6 20. Qb7 Qe7 {In an endgame the vulnerability of black king is
not a factor anymore and Vishy cleverly exploits this factor.} 21. Qe4 Qc5 22.
Rad1 ({The last real chance to fight for the advantage was} 22. Rac1 {after
which Black should probably continue} Qe5 ({rather than} 22... Qxc1 23. Rxc1
Rxc1+ 24. Kh2 {and the rooks are bad defenders of the black king})) 22... Rfd8
23. Rfe1 Rxd1 24. Rxd1 Rc7 25. Bf3 Qe5 {The same simple strategy: the exchange
of pieces favours Black, who won't feel any problems with the king after that.}
26. Qb4 Qc3 27. Qg4 f5 28. Qh5 Qf6 29. Bg2 e5 {Considering the fact that
Topalov was short on time Anand makes some attempts to fight for the
initiative.} 30. Bh3 {Veselin immediately notices the newly created weakness -
the f5-pawn.} Rf7 ({After} 30... f4 31. Bg2 Rf7 32. Qg4 fxg3 33. fxg3 Qf2+ 34.
Kh2 {Black's aggressive play could easily backfire: White has a very
unpleasant threat to advance the h-pawn.}) 31. Qe2 $11 e4 (31... f4 32. h5 Ne7
33. Rd7 fxg3 34. fxg3 $14) 32. Rd5 f4 (32... Ne5 33. Kg2 $14) 33. Rf5 (33. Qxe4
$2 fxg3 34. fxg3 Qf2+ 35. Kh1 Qxg3 $40) 33... Qa1+ 34. Kh2 fxg3+ 35. fxg3 Rxf5
36. Bxf5 Nxh4 $1 37. Bxe4 (37. gxh4 $2 Qe5+ 38. Kg2 Qxf5 $17) 37... Qe5 38.
Qg4+ Ng6 39. Bxg6 hxg6 40. Qd7+ Kh6 41. Qxa7 Qe2+ 42. Kh3 1/2-1/2

[Event "Morelia/Linares 25th"]
[Site "Morelia/Linares"]
[Date "2008.02.23"]
[Round "7"]
[White "Anand, Viswanathan"]
[Black "Ivanchuk, Vassily"]
[Result "1/2-1/2"]
[WhiteElo "2799"]
[BlackElo "2751"]
[Annotator "Ftacnik,L"]
[PlyCount "61"]
[EventDate "2008.02.15"]
[EventType "tourn"]
[EventRounds "14"]
[EventCountry "ESP"]
[EventCategory "21"]
[SourceTitle "CBM 123"]
[Source "ChessBase"]
[SourceDate "2008.04.02"]
[SourceVersion "1"]
[SourceVersionDate "2008.04.02"]
[SourceQuality "1"]

1. e4 c5 2. Nf3 e6 3. d4 cxd4 4. Nxd4 Nc6 5. Nc3 Qc7 6. Be2 a6 7. O-O Nf6 8.
Be3 Be7 9. f4 d6 10. a4 O-O 11. Kh1 Re8 12. Bf3 Rb8 13. Qd2 Bd7 14. Nb3 b6 15.
g4 Bc8 16. g5 Nd7 17. Qf2 Bb7 18. Bg2 Na5 $5 {[%mdl 8] Ivanchuk has a creative
mind. In a well known position he comes up with a strong novelty.} (18... g6
19. h4 Bf8 20. Rad1 Nc5 21. h5 Ba8 22. f5 Ne5 23. Bd4 Ncd7 24. hxg6 fxg6 25.
fxe6 Rxe6 26. Nd5 Bxd5 27. exd5 Re7 28. Bxe5 Nxe5 29. Nd4 $11 {1-0 Radjabov,T 
(2682)-Babula,V (2604)/Saint Vincent 2005 (39)}) (18... Bf8 19. Rad1 Nb4 20.
Rd4 d5 (20... Nc6 21. Rc4 Nc5 $13) 21. exd5 exd5 22. Rd2 {1/2 Galkin,A (2569)
-Jakovenko,D (2557)/Batumi 2002}) 19. Rad1 {Anand was unable to find a weak
side to the manoeuvre by the knight. Especially winning the pawn on b6 would
have been strategically risky.} (19. Nd4 Nc4 20. Bc1 Na5 (20... Rbc8 21. b3 Na5
22. Bb2 Nc6 $11) (20... e5 21. fxe5 Ncxe5 22. Nd5 $14) 21. Be3 $11) (19. Nd2
Nc4 20. Nxc4 Qxc4 21. f5 $5 (21. Bxb6 $2 Nxb6 22. Qxb6 Bxe4 $19) 21... Ne5 22.
f6 Ng4 23. Qf4 Nxe3 24. Qxe3 Bf8 $11) (19. Bxb6 $6 Nxb6 20. Nxa5 Ba8 21. Rfd1
d5 22. exd5 Bc5 $15) 19... Nxb3 (19... Nc4 20. Bc1 e5 21. Nd5 Bxd5 22. exd5 f6
$13) 20. cxb3 Bc6 21. b4 (21. f5 Ne5 22. Qe2 b5 23. f6 Bf8 24. axb5 axb5 25. b4
Rec8 $11) 21... b5 22. a5 (22. axb5 axb5 23. Ra1 Ra8 24. Rfc1 Qb7 $11) 22...
Rbc8 23. f5 {White was facing the risk, that without active play it would have
been Black trying to open up the centre.} (23. Rc1 Qb7 24. Kg1 d5 $11) 23...
Ne5 24. Qg3 Bf8 (24... Kh8 25. f6 gxf6 26. gxf6 Rg8 27. Qh3 Bd8 $13) 25. Bd4 (
25. f6 g6 26. Rf4 Nc4 $13) 25... exf5 $1 {A concrete and very sound decision
to open up the a8-h1 diagonal.} 26. exf5 Qb7 27. Bxc6 (27. Rf2 $5 g6 28. Kg1
Bg7 $11) 27... Qxc6+ 28. Qg2 {Anand sensibly decided to exchange the queens
and navigate towards an equal endgame.} (28. Kg1 Qc4 29. f6 g6 $15) 28... Qxg2+
29. Kxg2 Nc6 30. Nd5 Ne7 (30... Re4 31. Bc3 Rg4+ 32. Kh3 Rxg5 33. f6 Rg6 34.
Rc1 $13) 31. Bc3 (31. Bc3 Nxd5 32. Rxd5 Rc4 33. Kg3 Re3+ 34. Rf3 Re2 $11)
1/2-1/2